| 000 | 01235nam a2200373Ia 4500 | ||
|---|---|---|---|
| 001 | Z_6207 | ||
| 003 | CHAP | ||
| 008 | 220113s1999 xx 000 0 und d | ||
| 010 | _a169450 | ||
| 020 | _a968-800-468-5 | ||
| 040 | _cCHAP | ||
| 082 | _a636.213 M36 | ||
| 245 |
_aManejo de ganado bovino de doble propósito en el trópico / _cEduardo T. Koopel Rizo; Gilberto A. Ortíz Ortíz; Alfonso Avila Durán...[et. al.] |
||
| 260 |
_aMéxico : _bINIFAP :, _bCentro de Investigación Regional Golfo Centro, _c1999 |
||
| 300 | _a158 p. | ||
| 440 |
_aLibro Técnico; no. 5: división pecuaria _9143128 |
||
| 500 | _aCampo experimental la Posta | ||
| 503 | _aej.1: | ||
| 504 | _aBibliografía: p. 141- 147 | ||
| 650 |
_acattle _9144141 |
||
| 650 |
_adual _xpurpose breeds _9144142 |
||
| 650 |
_aGanado bovino _9138033 |
||
| 650 |
_aGanado de doble propósito _9142213 |
||
| 700 |
_a Avila Durán, Alfonso, aut. _9143131 |
||
| 700 |
_a Ortíz Ortíz, Gilberto A., aut. _9143132 |
||
| 700 |
_aKoppel Rizo, Eduardo T., aut. _9143133 |
||
| 710 |
_aINIFAP V.Centro de Investigación Regional Golfo Centro _9144143 |
||
| 901 | _a636.213 M36 | ||
| 902 | _aM | ||
| 910 | _a1999 | ||
| 942 | _c1 | ||
| 942 | _cc1 | ||
| 999 |
_c169450 _d169450 |
||